| 000 | 01041nam a2200217Ia 4500 | ||
|---|---|---|---|
| 003 | OSt | ||
| 005 | 20240829110218.0 | ||
| 007 | ca aa aaaaa | ||
| 008 | 201103s9999 xx 000 0 und d | ||
| 040 | _cSSBUL | ||
| 041 | _abur | ||
| 082 |
_a၂၉၄.၃၄၃၅ _bညောင် |
||
| 100 | 0 |
_aဇေယျပဏ္ဍိတ၊ ညောင်ရမ်း _953857 |
|
| 245 | 1 | 0 |
_aစေတီဘုရားတည်ထားနည်းကျမ်း / _cညောင်ရမ်းဇေယျပဏ္ဍိတ။ |
| 250 | _aဒုတိယအကြိမ်။ | ||
| 260 |
_aရန်ကုန် ၊ _bသရအိမ်စာပေ၊ _bရတနာစုံစာပေတိုက်၊ _c၂၀၁၁။ _c၁၉၆၂။ |
||
| 300 |
_aဍ၊ ၁၄၂ စာမျက်နှာ ၊ _a၁၉၀ စာမျက်နှာ ၊ _bပုံများ ၊ _c၂၁ စင်တီ။ _c၁၈ စင်တီ။ |
||
| 500 | _aS-KZN: Prof. Kyaw Zaw Naing | ||
| 650 |
_aစေတီပုထိုး _912797 |
||
| 942 |
_cBK _2ddc |
||
| 999 |
_c20652 _d20652 |
||